Средства механизации и автоматизации управленческого и инженерно-технического труда: номенклатурный справочник

Detalles Bibliográficos
Autor Corporativo: Центральный научно-исследовательский институт информации и технико-экономических исследований приборостроения, средств автоматизации и систем управления
Outros autores: Байшева Л. М. (составитель)
Summary:Исключено из фонда НТБ ТПУ
Idioma:ruso
Publicado: Москва, ЦНИИТЭИприборостроения, 1974
Formato: MixedMaterials Libro
KOHA link:https://koha.lib.tpu.ru/cgi-bin/koha/opac-detail.pl?biblionumber=115951

MARC

LEADER 00000nam0a2200000 4500
001 115951
005 20231101215309.0
035 |a (RuTPU)RU\TPU\book\125460 
090 |a 115951 
100 |a 20070516d1974 k y0rusy50 ca 
101 0 |a rus 
102 |a RU 
105 |a y b 000zy 
200 1 |a Средства механизации и автоматизации управленческого и инженерно-технического труда  |e номенклатурный справочник  |f Центральный научно-исследовательский институт информации и технико-экономических исследований приборостроения, средств автоматизации и систем управления; сост. Л. М. Байшева 
210 |a Москва  |c ЦНИИТЭИприборостроения  |d 1974 
215 |a 67 с. 
333 |a Исключено из фонда НТБ ТПУ 
702 1 |a Байшева  |b Л. М.  |4 220 
712 0 2 |a Центральный научно-исследовательский институт информации и технико-экономических исследований приборостроения, средств автоматизации и систем управления  |9 24909 
801 1 |a RU  |b 63413507  |c 20070516  |g PSBO 
801 2 |a RU  |b 63413507  |c 20220617  |g PSBO 
942 |c BK